000 00309nam a22001337a 4500
008 170619b xxu||||| |||| 00| 0 eng d
020 _a9780942637922
041 _aeng
080 _a32
100 _a20
101 _aSHP
245 _aTHE COMPLETE BOOK OF U.K. PRESIDENTS
_cDEGREGORIO,W.A
942 _2udc
_cBK
999 _c18003
_d18003